000 00456nam a22001817a 4500
003 NUST-PNEC
005 20170116180726.0
008 140918b xxu||||| |||| 00| 0 eng d
040 _cPNEC
082 _a005.265 VIR
100 _9314
_aVIR
245 _aData communication CS-601 (Lecture Notes)
260 _aLahore
_bVirtual University of Pakistan
_c2012
300 _a244 p.:
_c26 cm.
500 _aLecture Notes
650 _xMIS
942 _2ddc
_cBK
999 _c61607
_d61607